<?xml version="1.0" encoding="UTF-8"?>
<record
    xmlns:xsi="http://www.w3.org/2001/XMLSchema-instance"
    xsi:schemaLocation="http://www.loc.gov/MARC21/slim http://www.loc.gov/standards/marcxml/schema/MARC21slim.xsd"
    xmlns="http://www.loc.gov/MARC21/slim">

  <leader>01901nam a22002537a 4500</leader>
  <controlfield tag="003">OSt</controlfield>
  <controlfield tag="005">20260512154006.0</controlfield>
  <controlfield tag="008">251023b        |||||||| |||| 00| 0 eng d</controlfield>
  <datafield tag="022" ind1=" " ind2=" ">
    <subfield code="a">0363-7425</subfield>
  </datafield>
  <datafield tag="022" ind1=" " ind2=" ">
    <subfield code="a">1930-3807</subfield>
  </datafield>
  <datafield tag="040" ind1=" " ind2=" ">
    <subfield code="a">English</subfield>
    <subfield code="c">tbs</subfield>
  </datafield>
  <datafield tag="041" ind1=" " ind2=" ">
    <subfield code="a">English</subfield>
  </datafield>
  <datafield tag="100" ind1=" " ind2=" ">
    <subfield code="a">Hillman, Amy J.</subfield>
    <subfield code="9">26453</subfield>
  </datafield>
  <datafield tag="245" ind1=" " ind2=" ">
    <subfield code="a">Corporate Political Strategy Formulation</subfield>
    <subfield code="b">: A Model of Approach, Participation, and Strategy Decisions</subfield>
    <subfield code="c">/ Amy J. Hillman, Michael A. Hitt</subfield>
  </datafield>
  <datafield tag="260" ind1=" " ind2=" ">
    <subfield code="b">The Academy of Management Review</subfield>
    <subfield code="c">1999</subfield>
  </datafield>
  <datafield tag="362" ind1=" " ind2=" ">
    <subfield code="a">The Academy of Management Review, Vol. 24, No. 4 (Oct., 1999), pp. 825-842 (18 pages)</subfield>
  </datafield>
  <datafield tag="520" ind1=" " ind2=" ">
    <subfield code="a">In this article we examine two general approaches to political action (transactional and relational), two levels of participation (individual and collective), and three types of generic political strategies (information, financial incentive, and constituency building), thus presenting a comprehensive taxonomy of political strategies. In addition, we identify firm and institutional variables that affect the likelihood of making specific decisions within the formulation model. The result is a decision-tree model of political strategy formulation that integrates and extends prior diffused work.</subfield>
  </datafield>
  <datafield tag="653" ind1=" " ind2=" ">
    <subfield code="a">Political action</subfield>
  </datafield>
  <datafield tag="653" ind1=" " ind2=" ">
    <subfield code="a">Corporate Political Strategy Formulation</subfield>
  </datafield>
  <datafield tag="653" ind1=" " ind2=" ">
    <subfield code="a">Strategy Decisions</subfield>
  </datafield>
  <datafield tag="700" ind1=" " ind2=" ">
    <subfield code="a">Hitt, Michael A.</subfield>
    <subfield code="9">26454</subfield>
  </datafield>
  <datafield tag="856" ind1=" " ind2=" ">
    <subfield code="u">https://www-jstor-org.hub.tbs-education.fr/stable/259357?searchText=Corporate+Political+Strategy+Formulation+A+Model+of+Approach%2C+Participation%2C+and+Strategy+Decisions&amp;searchUri=%2Faction%2FdoBasicSearch%3FQuery%3DCorporate%2BPolitical%2BStrategy%2BFormulation%253A%2BA%2BModel%2Bof%2BApproach%252C%2BParticipation%252C%2Band%2BStrategy%2BDecisions%26so%3Drel&amp;ab_segments=0%2Fspellcheck_basic_search%2Fcontrol&amp;refreqid=fastly-default%3A509e6d61d76d8b4f0702c1dbd5563fd3&amp;seq=1</subfield>
  </datafield>
  <datafield tag="942" ind1=" " ind2=" ">
    <subfield code="2">lcc</subfield>
  </datafield>
  <datafield tag="952" ind1=" " ind2=" ">
    <subfield code="0">0</subfield>
    <subfield code="1">0</subfield>
    <subfield code="2">lcc</subfield>
    <subfield code="4">0</subfield>
    <subfield code="7">0</subfield>
    <subfield code="a">TBS</subfield>
    <subfield code="b">TBS</subfield>
    <subfield code="d">2025-11-07</subfield>
    <subfield code="l">0</subfield>
    <subfield code="r">2025-11-07</subfield>
    <subfield code="u">https://www-jstor-org.hub.tbs-education.fr/stable/259357?searchText=Corporate+Political+Strategy+Formulation+A+Model+of+Approach%2C+Participation%2C+and+Strategy+Decisions&amp;searchUri=%2Faction%2FdoBasicSearch%3FQuery%3DCorporate%2BPolitical%2BStrategy%2BFormulation%253A%2BA%2BModel%2Bof%2BApproach%252C%2BParticipation%252C%2Band%2BStrategy%2BDecisions%26so%3Drel&amp;ab_segments=0%2Fspellcheck_basic_search%2Fcontrol&amp;refreqid=fastly-default%3A509e6d61d76d8b4f0702c1dbd5563fd3&amp;seq=1</subfield>
    <subfield code="w">2025-11-07</subfield>
    <subfield code="y">ARTICLE</subfield>
  </datafield>
  <datafield tag="999" ind1=" " ind2=" ">
    <subfield code="c">5159</subfield>
    <subfield code="d">5159</subfield>
  </datafield>
</record>
